[Event "Minsk ODM Team Cup U16"]
[Site "Minsk"]
[Date "2021.??.??"]
[Round "4.4"]
[White "Lapus, Vitaliy"]
[Black "Sharou, Filip"]
[Result "1/2-1/2"]
[WhiteElo "1750"]
[BlackElo "1314"]
[PlyCount "46"]
[EventDate "2021.03.01"]
[EventType "team-tourn"]
[EventRounds "7"]
[EventCountry "BLR"]
[SourceTitle "EXT 2022"]
[Source "ChessBase"]
[SourceDate "2021.10.06"]
[SourceVersion "1"]
[SourceVersionDate "2021.10.06"]
[SourceQuality "1"]
[WhiteTeam "Vitebsk Region"]
[BlackTeam "Grodnensk Region"]
[WhiteTeamCountry "BLR"]
[BlackTeamCountry "BLR"]

1. f4 d5 2. Nf3 e6 3. e3 f5 4. b3 Nf6 5. Bb2 Bd6 6. Be2 0-0 7. 0-0 c5 8. Qe1 Nc6 9. Nc3 Nb4 10. Bd1 a6 11. Ne2 b5 12. Ne5 Bb7 13. d4 c4 14. c3 Bxe5 15. fxe5 Nd3 16. Qd2 Ne4 17. Qc2 Qh4 18. Nf4 Nxf4 19. exf4 Rac8 20. b4 Bc6 21. g3 Qe7 22. Qg2 Kh8 23. a4 Qd7 1/2-1/2

[Event "Minsk ODM Team Cup U16"]
[Site "Minsk"]
[Date "2021.??.??"]
[Round "2.4"]
[White "Sharou, Filip"]
[Black "Andrukhovich, Elizaveta"]
[Result "0-1"]
[WhiteElo "1314"]
[BlackElo "1557"]
[PlyCount "76"]
[EventDate "2021.03.01"]
[EventType "team-tourn"]
[EventRounds "7"]
[EventCountry "BLR"]
[SourceTitle "EXT 2022"]
[Source "ChessBase"]
[SourceDate "2021.10.06"]
[SourceVersion "1"]
[SourceVersionDate "2021.10.06"]
[SourceQuality "1"]
[WhiteTeam "Grodnensk Region"]
[BlackTeam "Gomelsk Region"]
[WhiteTeamCountry "BLR"]
[BlackTeamCountry "BLR"]

1. e4 c5 2. Nc3 Nc6 3. g3 g6 4. Bg2 Bg7 5. d3 e6 6. f4 Nge7 7. Nf3 d5 8. e5 a6 9. 0-0 0-0 10. a4 Bd7 11. Bd2 Qc7 12. h3 f6 13. exf6 Bxf6 14. g4 Qd6 15. Nh2 Nd4 16. Ne2 Nxe2+ 17. Qxe2 Bxb2 18. Rab1 Bd4+ 19. Kh1 b5 20. c3 Bg7 21. axb5 axb5 22. Nf3 Nc6 23. Qf2 b4 24. cxb4 cxb4 25. Qh4 Rab8 26. Ng5 h6 27. Nf3 b3 28. f5 g5 29. Bxg5 exf5 30. Bd2 fxg4 31. hxg4 Qg6 32. g5 h5 33. Qh2 Bg4 34. d4 Bxf3 35. Bxf3 Rxf3 36. Rfe1 Qf5 37. Re3 Qxb1+ 38. Kg2 Qf1# 0-1

[Event "Vilnius Zavanelli Memorial op-C"]
[Site "Vilnius"]
[Date "2018.10.27"]
[Round "5"]
[White "Spirkova, Marija"]
[Black "Sharou, Filip"]
[Result "0-1"]
[WhiteElo "1033"]
[BlackElo "1293"]
[PlyCount "105"]
[EventDate "2018.10.26"]
[EventType "swiss"]
[EventRounds "7"]
[EventCountry "LTU"]
[SourceTitle "EXT 2021"]
[Source "ChessBase"]
[SourceDate "2020.10.23"]
[SourceVersion "1"]
[SourceVersionDate "2020.10.23"]
[SourceQuality "1"]

1. e4 c5 2. Nf3 e6 3. Nc3 a6 4. Bc4 b5 5. Be2 Qc7 6. d3 Bb7 7. 0-0 d6 8. Re1 Nf6 9. Bf1 Nbd7 10. g3 Be7 11. Bg2 0-0 12. Qe2 Rfd8 13. Bf4 Nh5 14. Bg5 Nhf6 15. Bf4 Ne5 16. Nxe5 dxe5 17. Bd2 Rac8 18. a4 b4 19. Nb1 c4 20. dxc4 Qxc4 21. c3 bxc3 22. Nxc3 Qxe2 23. Rxe2 a5 24. Be3 Bb4 25. Bd2 Ba6 26. Nb5 Rxd2 27. Rxd2 Bxd2 28. f3 Rc1+ 29. Rxc1 Bxc1 30. b3 Bxb5 31. axb5 Be3+ 32. Kf1 Bb6 33. Ke1 Kf8 34. Kd2 Ke7 35. Kc3 Bc5 36. Kc4 Kd6 37. f4 Nd7 38. Bh1 Nb6+ 39. Kd3 Bd4 40. f5 Kc5 41. fxe6 fxe6 42. Bf3 Nd7 43. Bg4 Nf8 44. Be2 Kxb5 45. Kc2+ Kc6 46. Kd3 Bc5 47. Bf3 Bb4 48. Kc4 Kd7 49. Bg4 Kd6 50. Bf3 Ke7 51. Kb5 Kf6 52. Kc4 Kg5 53. h3 0-1